000 00473cam a2200193ua 4500
001 2814
005 20260515113558.0
008 110909n ii |||gr||||Z||||||asm
040 _cMAIN
082 _a891.4512
100 1 _aBezbaroa, Lakshminath,
_eAuthor.
245 1 1 _aGodadhar roja
_cby Lakshminath Bezbaroa
250 _a1st.
260 _aGuahati:
_bSaumar Prakashan,966.
300 _a11p:5cm.
653 _aAssamese drama
653 _aGodadhar roja
942 _cBK
999 _c2661
_d2661